Vista normal
Vista MARC
Entrada Personal Name
Número de registros utilizados en: 1
001 - CONTROL NUMBER
- control field: 10725
003 - CONTROL NUMBER IDENTIFIER
- control field: DLC
005 - DATE AND TIME OF LATEST TRANSACTION
- control field: 20200310104320.0
008 - FIXED-LENGTH DATA ELEMENTS
- fixed length control field: 120927n| azannaabn |a aaa c
010 ## - LIBRARY OF CONGRESS CONTROL NUMBER
- LC control number: no2012128647
- Canceled/invalid LC control number: ns2016002378
035 ## - SYSTEM CONTROL NUMBER
- System control number: (OCoLC)oca09312219
040 ## - CATALOGING SOURCE
- Original cataloging agency: PE-LiUDP
- Language of cataloging: spa
- Description conventions: rda
- Transcribing agency: Mx-PuUPA
- Modifying agency: DLC
- Modifying agency: Mx-PuUPA
100 1# - HEADING--PERSONAL NAME
- Personal name: Escudero Serrano, María José,
374 ## - OCCUPATION
- Occupation: Autor
375 ## - GENDER
- Gender: mujer
377 ## - ASSOCIATED LANGUAGE
- Language code: spa
400 1# - SEE FROM TRACING--PERSONAL NAME
- Personal name: Serrano, María José Escudero
400 1# - SEE FROM TRACING--PERSONAL NAME
- Control subfield: nne
- Personal name: Escudero Serrano, Ma. José
400 1# - SEE FROM TRACING--PERSONAL NAME
- Personal name: Serrano, Ma. José Escudero
670 ## - SOURCE DATA FOUND
- Source citation: Almacenaje de productos , 2011:
- Information found: t.p. (Ma. José Escudero Serrano)
670 ## - SOURCE DATA FOUND
- Source citation: Técnicas de almacén, 2015:
- Information found: title page (Ma. José Escudero Serrano)
670 ## - SOURCE DATA FOUND
- Source citation: Gestión de aprovisionamiento, © 2002:
- Information found: t.p. (Ma. José Escudero Serrano) portada
670 ## - SOURCE DATA FOUND
- Source citation: Biblioteca del congreso (Estados Unidos), 10 marzo 2020:
- Information found: Catálogo electrónico
- Uniform Resource Identifier: http://bit.ly/3cLGtOv